[Event "Troisdorf op"]
[Site "Troisdorf"]
[Date "2012.10.23"]
[Round "1"]
[White "Moews, Thomas"]
[Black "Arnoldi, Ekkehard"]
[Result "1-0"]
[WhiteElo "1867"]
[BlackElo "1212"]
[PlyCount "29"]
[EventDate "2012.10.23"]
[EventType "swiss"]
[EventRounds "7"]
[EventCountry "GER"]
[SourceTitle "EXT 2014"]
[Source "ChessBase"]
[SourceDate "2013.11.20"]
[SourceVersion "1"]
[SourceVersionDate "2013.11.20"]
[SourceQuality "1"]

1. e4 e5 2. f4 d6 3. Nf3 f6 4. Bc4 c6 5. fxe5 dxe5 6. c3 Bg4 7. Qb3 Nh6 8. d4 Bxf3 9. gxf3 exd4 10. Qxb7 Nd7 11. Bxh6 Ne5 12. Bf4 Rb8 13. Qxa7 Rxb2 14. Bxe5 fxe5 15. Qf7# 1-0